00423nam a22001457a 450000500170000000800410001702000150005804100120007308200120008510000120009724500520010926000610016130000300022265000250025220240816070901.0240816b |||||||| |||| 00| 0 eng d a0406863091 aEnglish a349 ENG lEnglish aThe All England Law Reports: Annual Review 1989 aLondon: bButterworth and Company Publishers Ltd, c1989 bxxxi, 348 pages; c25 cm. aLegal practice bLaw